Моделирование многодекадного индуктивного делителя напряжения в системе MATLAB; Известия Томского политехнического университета [Известия ТПУ]; Т. 308, № 4

Opis bibliograficzny
Parent link:Известия Томского политехнического университета [Известия ТПУ]/ Томский политехнический университет (ТПУ).— , 2000-
Т. 308, № 4.— 2005.— [С. 167-172]
1. autor: Ким В. Л. Валерий Львович
Kolejni autorzy: Дайнаков В. Н.
Streszczenie:Заглавие с титульного листа
Электронная версия печатной публикации
В системе MATLAB/Simulink построены simulink-модели многодекадного индуктивного делителя напряжения. Приведен алгоритм получения математических моделей одно- и двухдекадного делителей в форме передаточных функций третьего порядка. Погрешность расчета неравномерности амплитудно-частотной характеристики в области верхних частот 20…200 кГц не превышает 20 %.
Język:rosyjski
Wydane: 2005
Seria:Технические науки
Hasła przedmiotowe:
Dostęp online:http://www.lib.tpu.ru/fulltext/v/Bulletin_TPU/2005/v308/i4/39.pdf
Format: MixedMaterials Elektroniczne Rozdział
KOHA link:https://koha.lib.tpu.ru/cgi-bin/koha/opac-detail.pl?biblionumber=170628

MARC

LEADER 00000nla2a2200000 4500
001 170628
005 20240119140513.0
035 |a (RuTPU)RU\TPU\book\185033 
035 |a RU\TPU\book\185032 
090 |a 170628 
100 |a 20091124d2005 k y0rusy50 ca 
101 0 |a rus 
102 |a RU 
135 |a drnn ---uucaa 
181 0 |a i  
182 0 |a b 
200 1 |a Моделирование многодекадного индуктивного делителя напряжения в системе MATLAB  |f В. Л. Ким, В. Н. Дайнаков 
203 |a Текст  |c электронный 
215 |a 1 файл (654 Кб) 
225 1 |a Технические науки 
300 |a Заглавие с титульного листа 
300 |a Электронная версия печатной публикации 
320 |a [Библиогр.: с. 172 (10 назв.)] 
330 |a В системе MATLAB/Simulink построены simulink-модели многодекадного индуктивного делителя напряжения. Приведен алгоритм получения математических моделей одно- и двухдекадного делителей в форме передаточных функций третьего порядка. Погрешность расчета неравномерности амплитудно-частотной характеристики в области верхних частот 20…200 кГц не превышает 20 %. 
337 |a Adobe Reader 
461 1 |0 (RuTPU)RU\TPU\book\176237  |t Известия Томского политехнического университета [Известия ТПУ]  |f Томский политехнический университет (ТПУ)  |d 2000- 
463 1 |0 (RuTPU)RU\TPU\book\184960  |t Т. 308, № 4  |v [С. 167-172]  |d 2005  |p 254 с. 
610 1 |a моделирование 
610 1 |a индуктивные делители 
610 1 |a многодекадные делители 
610 1 |a напряжения 
610 1 |a системы 
610 1 |a алгоритмы 
610 1 |a математические модели 
610 1 |a однодекадные делители 
610 1 |a двухдекадные делители 
610 1 |a передаточные функции 
610 1 |a погрешности 
610 1 |a расчеты 
610 1 |a амплитудно-частотные характеристики 
610 1 |a верхние частоты 
610 1 |a труды учёных ТПУ 
610 1 |a электронный ресурс 
700 1 |a Ким  |b В. Л.  |c специалист в области информатики и вычислительной техники  |c профессор Томского политехнического университета, доктор технических наук  |f 1950-  |g Валерий Львович  |3 (RuTPU)RU\TPU\pers\26478  |9 12180 
701 1 |a Дайнаков  |b В. Н. 
801 1 |a RU  |b 63413507  |c 20090623  |g PSBO 
801 2 |a RU  |b 63413507  |c 20211012  |g PSBO 
856 4 |u http://www.lib.tpu.ru/fulltext/v/Bulletin_TPU/2005/v308/i4/39.pdf 
942 |c CF